000 00514nam a2200205 a 4500
999 _c2071
_d2071
007 ta
008 200204t ii ||||g |||| 00| 0 eng d
040 _aKO
_beng
041 0 _aeng
044 _aii
082 0 4 _223
_a158.1
_bH4264
100 1 _aHerman, Michael J.
245 1 0 _aBecome A Complete Champion /
_cMichael J. Herman
260 _aNoida :
_bJaico Publishing House ,
_c[20- ?]
300 _a131 p. :
_c18 cm .
650 0 _aChampion trees
_vTextbooks
904 _aReshma_R
942 _cBK